000 00587nab a2200229 a 4500
001 20499
003 56608
005 20201118095948.0
008 ||||||n9999 ||| || ||
041 _aspa
100 _aBenavides Melo, Guillermo
245 0 _aLas fallas del sistema judicial que hay que corregir
260 _aBogotá :
_bNueva Frontera,
300 _app. 18-20
562 _e0
650 _aCAPACITACIÓN
650 _aJUECES
650 _aREFORMAS CONSTITUCIONALES
650 _aSISTEMA JUDICIAL
773 _018305
_aNueva Frontera - No.857
942 _cSART
999 _c20499
_d20499